[Event "Pocos de Caldas op"]
[Site "Pocos de Caldas"]
[Date "2017.03.10"]
[Round "1"]
[White "Terao, Juliana Sayumi"]
[Black "Ferreira, Jonas de Vargas"]
[Result "1-0"]
[WhiteElo "2311"]
[BlackElo "1723"]
[PlyCount "61"]
[EventDate "2017.03.10"]
[EventType "swiss"]
[EventRounds "6"]
[EventCountry "BRA"]
[SourceTitle "EXT 2018"]
[Source "ChessBase"]
[SourceDate "2017.10.13"]
[SourceVersion "1"]
[SourceVersionDate "2017.10.13"]
[SourceQuality "1"]

1. e4 e6 2. d4 d5 3. Nd2 dxe4 4. Nxe4 Nd7 5. Nf3 Ngf6 6. Nxf6+ Nxf6 7. Bg5 Be7 8. Bd3 0-0 9. 0-0 h6 10. Bh4 Nd5 11. Bg3 c5 12. dxc5 Bxc5 13. Qe2 Bd6 14. Rad1 Bxg3 15. hxg3 Qc7 16. c3 Nf6 17. Rd2 b6 18. Rfd1 Bb7 19. Ne5 Rad8 20. c4 Kh8 21. f4 Nd7 22. Ng4 Nc5 23. Bc2 Rxd2 24. Rxd2 Rd8 25. b4 Rxd2 26. Qxd2 Qd7 27. Qe3 Qc6 28. Qe2 Ne4 29. Ne5 Nxg3 30. Qf2 Ne4 31. Qd4 1-0

[Event "Guaira op 2nd"]
[Site "Guaira"]
[Date "2016.11.04"]
[Round "1"]
[White "Barbosa, Diego Guarato"]
[Black "Ferreira, Jonas de Vargas"]
[Result "0-1"]
[WhiteElo "1800"]
[BlackElo "1734"]
[PlyCount "128"]
[EventDate "2016.11.04"]
[EventType "swiss"]
[EventRounds "6"]
[EventCountry "BRA"]
[SourceTitle "CBM 175 Extra"]
[Source "ChessBase"]
[SourceDate "2016.12.12"]
[SourceVersion "1"]
[SourceVersionDate "2016.12.12"]
[SourceQuality "1"]

1. e4 e6 2. d4 d5 3. exd5 exd5 4. Be3 Nf6 5. Nf3 Bd6 6. g3 Bg4 7. h3 Bh5 8. g4 Bg6 9. Bd3 Bxd3 10. Qxd3 c6 11. Ne5 Nbd7 12. f4 Ne4 13. Nd2 Ndf6 14. a3 Nxd2 15. Bxd2 Ne4 16. Be3 Qc7 17. c4 f6 18. cxd5 cxd5 19. Qb5+ Kf8 20. Qxd5 fxe5 21. dxe5 Ng3 22. exd6 Qc2 23. Qd2 Qxd2+ 24. Kxd2 Nxh1 25. Rxh1 Kf7 26. f5 Rhd8 27. Bf4 Rac8 28. Rc1 Rxc1 29. Kxc1 Re8 30. Kd2 Re4 31. Bg3 Ke8 32. Kd3 Ra4 33. Be5 Kd7 34. Bxg7 Kxd6 35. Bf8+ Ke5 36. Bb4 h5 37. Ke3 hxg4 38. hxg4 Kf6 39. Kf4 a5 40. g5+ Kf7 41. b3 axb4 42. bxa4 bxa3 43. Ke5 a2 44. g6+ Kf8 45. Ke6 a1Q 46. f6 Qa2+ 47. Kd7 Qd5+ 48. Kc7 Qc6+ 49. Kb8 Qxa4 50. g7+ Kf7 51. Kxb7 Qf4 52. g8Q+ Kxg8 53. Kc6 Qxf6+ 54. Kc5 Kf7 55. Kd5 Ke7 56. Kc5 Qe5+ 57. Kc4 Kd6 58. Kb3 Qc5 59. Kb2 Qc4 60. Ka3 Qb5 61. Ka2 Kc5 62. Ka1 Kc4 63. Ka2 Kc3 64. Ka1 Qb2# 0-1

[Event "Ribeirao Preto Recra Chess 1st"]
[Site "Ribeirao Preto"]
[Date "2015.10.24"]
[Round "2.5"]
[White "Duarte, Alexandre Augusto"]
[Black "Ferreira, Jonas de Vargas"]
[Result "1-0"]
[WhiteElo "1915"]
[BlackElo "1799"]
[PlyCount "71"]
[EventDate "2015.10.24"]
[EventType "swiss"]
[EventRounds "5"]
[EventCountry "BRA"]
[SourceTitle "EXT 2022"]
[Source "ChessBase"]
[SourceDate "2021.10.06"]
[SourceVersion "1"]
[SourceVersionDate "2021.10.06"]
[SourceQuality "1"]

1. d4 d5 2. c4 e6 3. Nc3 Nf6 4. Nf3 Nbd7 5. e3 Be7 6. Bd3 0-0 7. 0-0 dxc4 8. Bxc4 a6 9. a4 b6 10. e4 Bb7 11. d5 exd5 12. exd5 Bb4 13. Bg5 Re8 14. Qc2 Bxc3 15. bxc3 Nc5 16. Qf5 Qd7 17. Qxd7 Nfxd7 18. Ba2 Nxa4 19. Bf4 Nxc3 20. Bxc7 Nxa2 21. Rxa2 Bxd5 22. Rd2 Rac8 23. Rxd5 Rxc7 24. Rfd1 Nf6 25. Rd6 Rb7 26. Nd2 Rd7 27. Nf3 Red8 28. Rxd7 Rxd7 29. Rc1 h6 30. Kf1 Ne4 31. Rc8+ Kh7 32. Rb8 Rd6 33. Ne5 Re6 34. f4 f6 35. Nd7 b5 36. Nf8+ 1-0

[Event "Sao Paulo Consciencia 5th U2000"]
[Site "Sao Paulo"]
[Date "2015.09.07"]
[Round "6.5"]
[White "Nobre, Jailson Altair Barb"]
[Black "Ferreira, Jonas de Vargas"]
[Result "1/2-1/2"]
[WhiteElo "1704"]
[BlackElo "1815"]
[PlyCount "99"]
[EventDate "2015.09.05"]
[EventType "swiss"]
[EventRounds "6"]
[EventCountry "BRA"]
[SourceTitle "EXT 2022"]
[Source "ChessBase"]
[SourceDate "2021.10.06"]
[SourceVersion "1"]
[SourceVersionDate "2021.10.06"]
[SourceQuality "1"]

1. c4 e6 2. Nf3 d5 3. g3 Nf6 4. Bg2 Be7 5. d4 0-0 6. Qc2 Nbd7 7. Bg5 b6 8. cxd5 Nxd5 9. Bxe7 Qxe7 10. a3 c5 11. 0-0 Bb7 12. Nbd2 cxd4 13. Nxd4 Rac8 14. Qe4 Nc5 15. Qe5 Rfe8 16. Rac1 g6 17. N2f3 f6 18. Nf5 fxe5 19. Nxe7+ Nxe7 20. Nxe5 Bxg2 21. Kxg2 Ne4 22. Rxc8 Rxc8 23. Rd1 Nd5 24. Rd4 Nef6 25. e4 Ne7 26. Rd6 Nxe4 27. Rxe6 Nf5 28. Nxg6 hxg6 29. Rxe4 Rc2 30. Ra4 Rxb2 31. Rxa7 Ne3+ 32. Kf3 Nc4 33. a4 Ra2 34. h4 b5 35. Ra8+ Kf7 36. Ra7+ Kf6 37. Ra6+ Kf7 38. axb5 Rb2 39. b6 Nxb6 40. Ra7+ Kf6 41. Rb7 Rb3+ 42. Kg2 Rb2 43. g4 Nc4 44. Rxb2 Nxb2 45. f4 Nd3 46. Kf3 Nc5 47. h5 gxh5 48. gxh5 Ne6 49. Kg4 Nxf4 50. Kxf4 1/2-1/2

[Event "Sao Paulo Consciencia 5th U2000"]
[Site "Sao Paulo"]
[Date "2015.09.06"]
[Round "3.4"]
[White "Ferreira, Jonas de Vargas"]
[Black "Santos, Jose Antonio Dos"]
[Result "0-1"]
[WhiteElo "1815"]
[BlackElo "1693"]
[PlyCount "64"]
[EventDate "2015.09.05"]
[EventType "swiss"]
[EventRounds "6"]
[EventCountry "BRA"]
[SourceTitle "EXT 2022"]
[Source "ChessBase"]
[SourceDate "2021.10.06"]
[SourceVersion "1"]
[SourceVersionDate "2021.10.06"]
[SourceQuality "1"]

1. e4 c5 2. Nf3 d6 3. d4 cxd4 4. Nxd4 Nf6 5. Nc3 a6 6. Bd3 e5 7. Nb3 Be6 8. 0-0 Nbd7 9. Kh1 Rc8 10. f4 Be7 11. f5 Bc4 12. Bg5 b5 13. Qe1 Qb6 14. Be3 Qd8 15. Qg3 h5 16. h3 Ng4 17. Kg1 Bh4 18. Qf3 Nxe3 19. Qxe3 Bg5 20. Qf2 h4 21. Rad1 Qb6 22. Qxb6 Nxb6 23. Rf3 f6 24. Na5 b4 25. Ne2 d5 26. Bxc4 dxc4 27. Rd6 Na4 28. b3 cxb3 29. cxb3 Nc5 30. Nc4 0-0 31. Rf1 Nxe4 32. Rfd1 Nxd6 0-1

[Event "Cordeiropolis Freitas Levy Memorial"]
[Site "Cordeiropolis"]
[Date "2015.05.23"]
[Round "3"]
[White "Ferreira, Jonas de Vargas"]
[Black "Van Riemsdijk, Dirk Dagobert"]
[Result "1-0"]
[WhiteElo "1805"]
[BlackElo "2048"]
[PlyCount "47"]
[EventDate "2015.05.22"]
[EventType "swiss"]
[EventRounds "6"]
[EventCountry "BRA"]
[SourceTitle "CBM 166 Extra"]
[Source "ChessBase"]
[SourceDate "2015.06.18"]
[SourceVersion "1"]
[SourceVersionDate "2015.06.18"]
[SourceQuality "1"]

1. e4 c6 2. d4 d5 3. Nc3 dxe4 4. Nxe4 Nd7 5. Nf3 Ngf6 6. Nxf6+ Nxf6 7. h3 Bf5 8. Bd3 Bxd3 9. Qxd3 e6 10. Bf4 Bd6 11. Bxd6 Qxd6 12. 0-0 0-0 13. c3 Rfd8 14. Rfd1 e5 15. Nxe5 Nd5 16. Qf3 Qc7 17. Re1 Rd6 18. Re2 Rf6 19. Qg3 h6 20. Ng4 Rf4 21. Nxh6+ Kh7 22. Ng4 b5 23. Rae1 g6 24. Qh4+ 1-0

[Event "Cordeiropolis Freitas Levy Memorial"]
[Site "Cordeiropolis"]
[Date "2015.05.22"]
[Round "2"]
[White "Kajiwara, Joao Kazuyuki"]
[Black "Ferreira, Jonas de Vargas"]
[Result "0-1"]
[WhiteElo "1265"]
[BlackElo "1805"]
[PlyCount "34"]
[EventDate "2015.05.22"]
[EventType "swiss"]
[EventRounds "6"]
[EventCountry "BRA"]
[SourceTitle "CBM 166 Extra"]
[Source "ChessBase"]
[SourceDate "2015.06.18"]
[SourceVersion "1"]
[SourceVersionDate "2015.06.18"]
[SourceQuality "1"]

1. Nf3 d5 2. g3 e6 3. Bg2 Nf6 4. 0-0 Be7 5. d3 0-0 6. Nbd2 b6 7. e4 Bb7 8. e5 Nbd7 9. Re1 c5 10. Nf1 Ne8 11. Ne3 Qc7 12. Ng4 f5 13. exf6 Nexf6 14. Nxf6+ Nxf6 15. Bg5 Bc8 16. Rxe6 Bxe6 17. Bxf6 Bxf6 0-1

[Event "Pocos de Caldas op"]
[Site "Pocos de Caldas"]
[Date "2015.03.14"]
[Round "4"]
[White "De Souza, Robson Luiz"]
[Black "Ferreira, Jonas de Vargas"]
[Result "1-0"]
[WhiteElo "1859"]
[BlackElo "1794"]
[PlyCount "79"]
[EventDate "2015.03.13"]
[EventType "swiss"]
[EventRounds "6"]
[EventCountry "BRA"]
[SourceTitle "CBM 165 Extra"]
[Source "ChessBase"]
[SourceDate "2015.04.21"]
[SourceVersion "1"]
[SourceVersionDate "2015.04.21"]
[SourceQuality "1"]

1. d4 d5 2. c4 e6 3. Nc3 Nf6 4. Bg5 Nbd7 5. e3 Be7 6. Nf3 0-0 7. Rc1 a6 8. Bd3 dxc4 9. Bxc4 b5 10. Bd3 Bb7 11. 0-0 Rc8 12. Qe2 c5 13. Rfd1 cxd4 14. exd4 Re8 15. Ne5 Nf8 16. a3 Nd5 17. Bxe7 Qxe7 18. Nxd5 Bxd5 19. Be4 Qg5 20. Rxc8 Rxc8 21. Bxd5 exd5 22. Qf3 Qe7 23. Qxd5 Ne6 24. Nf3 h6 25. b3 Qc7 26. Qe4 Qc2 27. Qxc2 Rxc2 28. d5 Nc5 29. b4 Nd7 30. Rd3 Kf8 31. Kf1 Ke8 32. Nd4 Rc1+ 33. Ke2 Kd8 34. f4 Nf6 35. Nc6+ Kc7 36. Ne5 Nh5 37. d6+ Kd8 38. Nxf7+ Kd7 39. Ne5+ Kd8 40. g3 1-0

[Event "Pocos de Caldas op"]
[Site "Pocos de Caldas"]
[Date "2015.03.13"]
[Round "1"]
[White "Ferreira, Jonas de Vargas"]
[Black "Pires, Marcos Vinicius Tor"]
[Result "0-1"]
[WhiteElo "1794"]
[BlackElo "2268"]
[PlyCount "82"]
[EventDate "2015.03.13"]
[EventType "swiss"]
[EventRounds "6"]
[EventCountry "BRA"]
[SourceTitle "CBM 165 Extra"]
[Source "ChessBase"]
[SourceDate "2015.04.21"]
[SourceVersion "1"]
[SourceVersionDate "2015.04.21"]
[SourceQuality "1"]

1. e4 e5 2. Nf3 Nc6 3. Bb5 a6 4. Ba4 Nf6 5. Nc3 b5 6. Bb3 Be7 7. a3 d6 8. h3 0-0 9. 0-0 Be6 10. Bxe6 fxe6 11. Re1 Nd4 12. d3 c5 13. Nxd4 cxd4 14. Ne2 Rc8 15. c3 dxc3 16. Nxc3 Qd7 17. Bg5 Bd8 18. Qb3 Bb6 19. Be3 Ba5 20. Bd2 Qf7 21. Re2 Bb6 22. Be3 Bd4 23. Rf1 Nh5 24. Ree1 Nf4 25. Bxd4 Qg6 26. g3 Nxh3+ 27. Kh2 Qh6 28. Kg2 exd4 29. Ne2 Ng5 30. Rh1 Qf6 31. Nf4 Rf7 32. Ref1 Rcf8 33. Qc2 d5 34. Qe2 dxe4 35. dxe4 e5 36. Nd3 Re7 37. Qg4 Qg6 38. Re1 Nf3 39. Qxf3 Rxf3 40. Kxf3 Rf7+ 41. Kg2 Qf6 0-1

[Event "Ribeirao Preto op"]
[Site "Ribeirao Preto"]
[Date "2014.04.06"]
[Round "6"]
[White "De Moura, Valderi Nascimento"]
[Black "Ferreira, Jonas de Vargas"]
[Result "0-1"]
[WhiteElo "1822"]
[BlackElo "1800"]
[PlyCount "102"]
[EventDate "2014.04.04"]
[EventType "swiss"]
[EventRounds "6"]
[EventCountry "BRA"]
[SourceTitle "CBM 159 Extra"]
[Source "ChessBase"]
[SourceDate "2014.04.24"]
[SourceVersion "1"]
[SourceVersionDate "2014.04.24"]
[SourceQuality "1"]

1. e4 e6 2. Nf3 d5 3. exd5 exd5 4. d4 Nf6 5. Nc3 c6 6. Bd3 Bd6 7. Be3 0-0 8. Qd2 b5 9. Ne2 Bg4 10. h3 Bh5 11. 0-0-0 Bg6 12. Bxg6 hxg6 13. Bg5 Nbd7 14. g4 Qc7 15. Qd3 b4 16. Nd2 c5 17. dxc5 Nxc5 18. Qf3 Nfe4 19. Nxe4 dxe4 20. Qe3 Rac8 21. Kb1 Ne6 22. c3 bxc3 23. Nxc3 Be5 24. Rc1 Nxg5 25. Qxg5 Bf4 26. Qd5 Bxc1 27. Rxc1 Qf4 28. Qxe4 Qxe4+ 29. Nxe4 Rxc1+ 30. Kxc1 Re8 31. f3 f5 32. Ng5 Re5 33. h4 fxg4 34. fxg4 Re2 35. Nf3 Re3 36. Nd4 Re4 37. Nf3 Rxg4 38. Kd2 Rg2+ 39. Ke3 Rxb2 40. a4 Ra2 41. Kf4 Rxa4+ 42. Kg5 Ra3 43. Nd4 Rd3 44. Nc6 a5 45. h5 Rd5+ 46. Kh4 Rxh5+ 47. Kg4 Rc5 48. Nxa5 Rxa5 49. Kg3 Kf7 50. Kg4 Kf6 51. Kg3 Kf5 0-1

[Event "Pocos de Caldas op"]
[Site "Pocos de Caldas"]
[Date "2014.02.16"]
[Round "6"]
[White "Correia, Vitor Paie"]
[Black "Ferreira, Jonas de Vargas"]
[Result "1/2-1/2"]
[WhiteElo "1448"]
[BlackElo "1805"]
[PlyCount "61"]
[EventDate "2014.02.14"]
[EventType "swiss"]
[EventRounds "6"]
[EventCountry "BRA"]
[SourceTitle "CBM 158 Extra"]
[Source "ChessBase"]
[SourceDate "2014.02.28"]
[SourceVersion "1"]
[SourceVersionDate "2014.02.28"]
[SourceQuality "1"]

1. e4 e6 2. d4 d5 3. exd5 exd5 4. Bd3 Bd6 5. Nf3 Nf6 6. c3 0-0 7. 0-0 c6 8. Bg5 Bg4 9. Nbd2 Nbd7 10. h3 Bh5 11. Qc2 Qc7 12. Rfe1 Rfe8 13. Rxe8+ Rxe8 14. Re1 Rxe1+ 15. Nxe1 Bg6 16. Bxg6 hxg6 17. Nef3 Bf4 18. Bxf4 Qxf4 19. Qb3 Qc7 20. Qa3 Qb6 21. Qb3 Qa6 22. a3 Nb6 23. Qc2 Qe2 24. Qb3 Ne4 25. Nxe4 dxe4 26. Ng5 Qe1+ 27. Kh2 Qxf2 28. Nxe4 Qf4+ 29. Ng3 Nd5 30. Qxb7 Ne3 31. Qa6 1/2-1/2

[Event "Pocos de Caldas op"]
[Site "Pocos de Caldas"]
[Date "2014.02.15"]
[Round "4"]
[White "Cadilhac, Igor Tokuichi Kikuc"]
[Black "Ferreira, Jonas de Vargas"]
[Result "1-0"]
[WhiteElo "2033"]
[BlackElo "1805"]
[PlyCount "67"]
[EventDate "2014.02.14"]
[EventType "swiss"]
[EventRounds "6"]
[EventCountry "BRA"]
[SourceTitle "CBM 158 Extra"]
[Source "ChessBase"]
[SourceDate "2014.02.28"]
[SourceVersion "1"]
[SourceVersionDate "2014.02.28"]
[SourceQuality "1"]

1. e4 e6 2. d4 d5 3. Nc3 dxe4 4. Nxe4 Nd7 5. Bd3 Ngf6 6. Nxf6+ Nxf6 7. Nf3 b6 8. Ne5 Qd5 9. Be2 Bb7 10. Bf3 Qa5+ 11. Bd2 Bxf3 12. Nxf3 Qd5 13. 0-0 c5 14. c3 Be7 15. dxc5 Bxc5 16. Qa4+ Qd7 17. Qc2 0-0 18. Rad1 Qc7 19. Bg5 Be7 20. Rd4 Nd5 21. Rg4 g6 22. h4 h5 23. Rd4 Bxg5 24. Nxg5 Rad8 25. Nxe6 fxe6 26. Qxg6+ Qg7 27. Qxe6+ Qf7 28. Qxf7+ Kxf7 29. Rfd1 Nxc3 30. Rxd8 Nxd1 31. Rxd1 Ke7 32. Rd5 Rc8 33. Rxh5 Rc1+ 34. Kh2 1-0

[Event "Batatais op 3rd"]
[Site "Batatais"]
[Date "2013.12.22"]
[Round "6"]
[White "Pereira, Daniele Costa"]
[Black "Ferreira, Jonas de Vargas"]
[Result "0-1"]
[WhiteElo "1604"]
[BlackElo "1814"]
[PlyCount "64"]
[EventDate "2013.12.20"]
[EventType "swiss"]
[EventRounds "6"]
[EventCountry "BRA"]
[SourceTitle "CBM 158 Extra"]
[Source "ChessBase"]
[SourceDate "2014.02.28"]
[SourceVersion "1"]
[SourceVersionDate "2014.02.28"]
[SourceQuality "1"]

1. Nf3 d5 2. g3 Nf6 3. Bg2 b6 4. 0-0 Bb7 5. d3 e6 6. b3 Be7 7. Bb2 0-0 8. Nbd2 Nbd7 9. Ne5 Nxe5 10. Bxe5 c5 11. Bb2 Qc7 12. e3 Nd7 13. f4 Bf6 14. Bxf6 Nxf6 15. Qe2 Rad8 16. c4 dxc4 17. dxc4 Bxg2 18. Kxg2 Rd6 19. Rad1 Rfd8 20. Nb1 h6 21. Nc3 Qc6+ 22. Kg1 Ne4 23. Nb5 Rd2 24. Qf3 f5 25. Nc3 Qd7 26. Rc1 Nxc3 27. Rxc3 Rxa2 28. Rcc1 Qd2 29. Qf2 Qxf2+ 30. Rxf2 Rxf2 31. Kxf2 Rd2+ 32. Kg1 Kf7 0-1

[Event "Sao Sebastiao op"]
[Site "Sao Sebastiao do Paraiso"]
[Date "2013.10.05"]
[Round "3"]
[White "Ferreira, Jonas de Vargas"]
[Black "Marino, Felipe Gabriel"]
[Result "0-1"]
[WhiteElo "1830"]
[BlackElo "1621"]
[PlyCount "84"]
[EventDate "2013.10.04"]
[EventType "swiss"]
[EventRounds "6"]
[EventCountry "BRA"]
[SourceTitle "EXT 2014"]
[Source "ChessBase"]
[SourceDate "2013.11.20"]
[SourceVersion "1"]
[SourceVersionDate "2013.11.20"]
[SourceQuality "1"]

1. e4 e5 2. Nf3 Nc6 3. Bb5 d6 4. d4 exd4 5. Nxd4 Bd7 6. 0-0 Ne5 7. Bxd7+ Qxd7 8. Nc3 Ne7 9. Re1 0-0-0 10. Nd5 Nxd5 11. exd5 Re8 12. Be3 Be7 13. Nf3 Bf6 14. a4 Nxf3+ 15. Qxf3 Bxb2 16. Ra2 Bd4 17. Rb1 Bxe3 18. fxe3 Qe7 19. Ra3 Qe4 20. Qd1 Re5 21. Rd3 Rg5 22. Qd2 Qxa4 23. Rd4 Qd7 24. Rdb4 b6 25. Qd3 a5 26. Ra1 Kd8 27. Rxa5 bxa5 28. Rb8+ Ke7 29. Rxh8 Qg4 30. Qd2 h6 31. Ra8 Qb4 32. Qxb4 axb4 33. Ra4 c5 34. Kf2 Rxd5 35. Ke2 Ke6 36. e4 Re5 37. Kf3 f5 38. exf5+ Rxf5+ 39. Ke3 Kd5 40. h3 Rg5 41. g4 h5 42. Kf4 Re5 0-1

[Event "Sao Sebastiao op"]
[Site "Sao Sebastiao do Paraiso"]
[Date "2013.10.04"]
[Round "1"]
[White "Ferreira, Jonas de Vargas"]
[Black "Arango, Pedro Esteban"]
[Result "1-0"]
[WhiteElo "1830"]
[BlackElo "1810"]
[PlyCount "61"]
[EventDate "2013.10.04"]
[EventType "swiss"]
[EventRounds "6"]
[EventCountry "BRA"]
[SourceTitle "EXT 2014"]
[Source "ChessBase"]
[SourceDate "2013.11.20"]
[SourceVersion "1"]
[SourceVersionDate "2013.11.20"]
[SourceQuality "1"]

1. e4 c5 2. Nf3 d6 3. d4 cxd4 4. Nxd4 Nf6 5. Nc3 g6 6. Be3 Bg7 7. f3 0-0 8. Qd2 Nc6 9. 0-0-0 Bd7 10. Kb1 Rc8 11. a4 h5 12. Be2 Ne5 13. Bh6 a6 14. Bxg7 Kxg7 15. f4 Nc4 16. Bxc4 Rxc4 17. f5 Rg8 18. fxg6 fxg6 19. Qg5 Qc8 20. Rhf1 Kh7 21. Nd5 Nxd5 22. Rf7+ Rg7 23. Rxg7+ Kxg7 24. exd5 Qe8 25. c3 Rc7 26. Rf1 Bg4 27. Ne6+ Bxe6 28. dxe6 b5 29. Rf7+ Kg8 30. Qxg6+ Kh8 31. Qh7# 1-0

[Event "Altinopolis op 1st"]
[Site "Altinopolis"]
[Date "2012.04.03"]
[Round "5"]
[White "Ferreira, Jonas de Vargas"]
[Black "Custodio, Leandro"]
[Result "0-1"]
[WhiteElo "1821"]
[BlackElo "1847"]
[PlyCount "86"]
[EventDate "2012.02.03"]
[EventType "swiss"]
[EventRounds "6"]
[EventCountry "BRA"]
[SourceTitle "CBM 147 Extra"]
[Source "ChessBase"]
[SourceDate "2012.04.24"]
[SourceVersion "1"]
[SourceVersionDate "2012.04.24"]
[SourceQuality "1"]

1. e4 d6 2. d4 Nf6 3. Nc3 g6 4. Be3 Bg7 5. Qd2 Ng4 6. Bg5 h6 7. Bh4 c6 8. h3 Nf6 9. Bd3 Nbd7 10. Nf3 Nb6 11. 0-0-0 Be6 12. d5 cxd5 13. Bb5+ Kf8 14. exd5 Nfxd5 15. Nxd5 Bxd5 16. Kb1 Bc4 17. Bxc4 Nxc4 18. Qb4 Rc8 19. Rhe1 g5 20. Bg3 Qb6 21. Qxb6 Nxb6 22. Nd4 Bxd4 23. Rxd4 Rc6 24. Red1 Ke8 25. h4 f6 26. h5 Kd7 27. b3 e5 28. R4d3 d5 29. f3 Ke6 30. Bf2 d4 31. Re1 Kf7 32. c3 Rxc3 33. Rxc3 dxc3 34. Bxb6 axb6 35. Re4 Rd8 36. Kc2 Rd4 37. Kxc3 Rxe4 38. fxe4 g4 39. Kc4 Ke6 40. g3 f5 41. exf5+ Kxf5 42. Kd5 b5 43. a3 b6 0-1

[Event "Altinopolis op 1st"]
[Site "Altinopolis"]
[Date "2012.03.03"]
[Round "3"]
[White "Ferreira, Jonas de Vargas"]
[Black "Bonvini, Alberto Tonhati"]
[Result "1-0"]
[WhiteElo "1821"]
[BlackElo "1845"]
[PlyCount "57"]
[EventDate "2012.02.03"]
[EventType "swiss"]
[EventRounds "6"]
[EventCountry "BRA"]
[SourceTitle "CBM 147 Extra"]
[Source "ChessBase"]
[SourceDate "2012.04.24"]
[SourceVersion "1"]
[SourceVersionDate "2012.04.24"]
[SourceQuality "1"]

1. e4 e5 2. Nf3 Nc6 3. Bb5 a6 4. Ba4 Nf6 5. 0-0 Be7 6. Re1 0-0 7. d3 d6 8. c3 Bg4 9. Nbd2 b5 10. Bb3 Na5 11. Bc2 Nd7 12. h3 Bh5 13. Nf1 c6 14. Ng3 Bg6 15. Be3 f5 16. exf5 Bxf5 17. Nxf5 Rxf5 18. d4 Rf8 19. Qd3 g6 20. Bh6 Rf7 21. dxe5 Rxf3 22. Qxf3 Nxe5 23. Qe4 Bf6 24. Rad1 Qc7 25. Bf4 Re8 26. Bxe5 Rxe5 27. Qg4 Rg5 28. Qe6+ Kg7 29. Rxd6 1-0

[Event "Batatais op 2nd"]
[Site "Batatais"]
[Date "2011.12.18"]
[Round "5"]
[White "De Lima, Larissa Alves"]
[Black "Ferreira, Jonas de Vargas"]
[Result "0-1"]
[WhiteElo "1788"]
[BlackElo "1827"]
[PlyCount "46"]
[EventDate "2011.12.16"]
[EventType "swiss"]
[EventRounds "6"]
[EventCountry "BRA"]
[SourceTitle "EXT 2013"]
[Source "ChessBase"]
[SourceDate "2012.11.22"]
[SourceVersion "1"]
[SourceVersionDate "2012.11.22"]
[SourceQuality "1"]

1. c4 e6 2. Nc3 Nf6 3. Nf3 d5 4. cxd5 exd5 5. d4 c6 6. g3 Bb4 7. a3 Bd6 8. Bg2 0-0 9. 0-0 h6 10. Qc2 Nbd7 11. Rd1 Re8 12. e3 Nb6 13. b3 Bg4 14. Re1 Qd7 15. Nd2 Bh5 16. Qa2 Bg6 17. Bb2 Re7 18. Rac1 h5 19. h3 Bf5 20. Kh2 h4 21. Nf3 hxg3+ 22. fxg3 Rae8 23. Nd1 Qc7 0-1

[Event "Batatais op 2nd"]
[Site "Batatais"]
[Date "2011.12.18"]
[Round "6"]
[White "Ferreira, Jonas de Vargas"]
[Black "Silva, Sergio"]
[Result "0-1"]
[WhiteElo "1827"]
[BlackElo "2097"]
[PlyCount "42"]
[EventDate "2011.12.16"]
[EventType "swiss"]
[EventRounds "6"]
[EventCountry "BRA"]
[SourceTitle "EXT 2013"]
[Source "ChessBase"]
[SourceDate "2012.11.22"]
[SourceVersion "1"]
[SourceVersionDate "2012.11.22"]
[SourceQuality "1"]

1. e4 c5 2. Nf3 Nc6 3. d4 cxd4 4. Nxd4 Nf6 5. Nc3 e5 6. Ndb5 d6 7. Bg5 a6 8. Na3 b5 9. Bxf6 gxf6 10. Nd5 f5 11. exf5 Bxf5 12. Qf3 Nd4 13. Nc7+ Qxc7 14. Qxa8+ Ke7 15. c3 b4 16. cxb4 Qb6 17. Bxa6 Qxb4+ 18. Kf1 Qd2 19. Kg1 d5 20. Qb7+ Kf6 21. h3 Bc5 0-1